Nuclear energy (Record no. 23691)

000 -LEADER
fixed length control field 00534nam a22002057a 4500
001 - CONTROL NUMBER
control field 23691
003 - CONTROL NUMBER IDENTIFIER
control field BD-DhUET
008 - FIXED-LENGTH DATA ELEMENTS--GENERAL INFORMATION
fixed length control field 150505b xxu||||| |||| 00| 0 eng d
020 ## - INTERNATIONAL STANDARD BOOK NUMBER
International Standard Book Number 9788184892093
040 ## - CATALOGING SOURCE
Transcribing agency 0
Modifying agency BD-DhUET
082 ## - DEWEY DECIMAL CLASSIFICATION NUMBER
Classification number 621.48
Item number BOD/2004
100 ## - MAIN ENTRY--PERSONAL NAME
Personal name Bodansky, David
245 ## - TITLE STATEMENT
Title Nuclear energy
Remainder of title principles, practices, and prospects
250 ## - EDITION STATEMENT
Edition statement 2nd ed.
260 ## - PUBLICATION, DISTRIBUTION, ETC. (IMPRINT)
Place of publication, distribution, etc. New York
Name of publisher, distributor, etc. Springer-Verlag
Date of publication, distribution, etc. 2004
300 ## - PHYSICAL DESCRIPTION
Extent xxii,693p.
504 ## - BIBLIOGRAPHY, ETC. NOTE
Bibliography, etc Includes bibliographies
650 #0 - SUBJECT ADDED ENTRY--TOPICAL TERM
Topical term or geographic name as entry element Nuclear engineering
942 ## - ADDED ENTRY ELEMENTS (KOHA)
Koha item type General Book
Holdings
Sublocation or collection (holding branch) Withdrawn status Koha item type Shelving location Koha full call number Not for loan Price effective from Koha date last seen Date acquired Damaged status Location (home branch) Koha normalized classification for sorting Source of classification or shelving scheme Lost status Copy number Piece designation (barcode)
Central Library, BUET General BookCataloging to Circulation621.48/BOD/2004 2015-05-052015-05-052015-05-05 Central Library, BUET621_480000000000000_BOD_2004  1113291
Central Library, BUET General BookCataloging to Circulation621.48/BOD/2004 2015-05-052015-05-052015-05-05 Central Library, BUET621_480000000000000_BOD_2004  2113292
Central Library, BUET General BookCataloging to Circulation621.48/BOD/2004 2015-05-052015-05-052015-05-05 Central Library, BUET621_480000000000000_BOD_2004  3113293